000 00300nam a2200133Ia 4500
008 221030s9999 xx 000 0 und d
041 _aEnglish
082 _a105.23
100 _aJ Martin
245 0 _aPrinciples of Data -Base Mangement
_cby J Martin
260 _c0
650 _aMc
942 _cBK
999 _c11454
_d11454